|
|
|
|
| LEADER |
00000nam a22000007a 4500 |
| 005 |
20210513233130.0 |
| 007 |
cr|||| |||| |
| 008 |
210513s2015 co |||||s|||| 00||0 spa d |
| 020 |
|
|
|a 978-958-762-274-4
|
| 035 |
|
|
|a 33393
|
| 040 |
|
|
|a vLex
|
| 090 |
|
|
|c 11655
|d 11655
|
| 100 |
1 |
|
|a Curo, Agustn̕
|
| 245 |
1 |
0 |
|a Matemt̀ica bs̀ica para Administradores
|h [Recurso electrn̤ico] /
|c Agustn̕ Curo, Mihl̀y Martn̕ez
|
| 250 |
|
|
|a 2da. Edicin̤
|
| 256 |
|
|
|a Servicio en ln̕ea
|
| 260 |
|
|
|a Bogot:̀
|b Ediciones de la U,
|c 2015
|
| 300 |
|
|
|a 1 recurso electrn̤ico
|
| 500 |
|
|
|a La presente obra tiene por objetivo ayudar al alumno en su camino al aprendizaje de la matemt̀ica bs̀ica. Los contenidos que la conforman son los que normalmente se desarrollan en un primer curso para los estudiantes de Administracin̤ y Negocios, y van desde una introduccin̤ a la lg̤ica de proposiciones y anl̀isis de argumentos, transitando por el l̀gebra elemental y las matrices, hasta las funciones reales de variable real, concluyendo con las funciones exponenciales y logart̕micas. Esperamos que le sea t︢il al autor no solo como un manual de ejercicios, sino como una gua̕ ter̤icoprc̀tica que le permita entender los conceptos sobre los que se fundamenta cada tema y aplicar lo aprendido a sus anl̀isis administrativos.
|
| 506 |
1 |
|
|a Disponible solo en los productos indicados
|d vLex Global
|d vLex Global (Academic Edition, excluding Law Schools)
|d vLex Global (U.S. Academic Edition, Law Schools)
|d vLex Global (U.S. Academic Edition, excluding Law Schools)
|d vLex Global (Academic Edition, Law Schools)
|
| 650 |
0 |
4 |
|a Economa̕ y negocios
|z Colombia
|
| 700 |
1 |
|
|a Martn̕ez, Mihl̀y
|
| 740 |
0 |
|
|a vLex Libros (Servicio en ln̕ea)
|
| 856 |
4 |
0 |
|u https://vlex.com/source/matematica-basica-para-administradores-2da-edicion-33393
|z Acceso restringido
|
| 942 |
|
|
|c BOOK
|
| 999 |
0 |
|
|a Economy and business
|